000 00839nam a2200265 a 4500
001 BRCA_8278
005 20190320210217.0
008 110614s1929----gw-a###f##---#000-0#ger-#
041 _ager
044 _agw
050 4 _aN2230
_b.G46 2 1929
245 1 0 _aDie Gemälde Galerie
_bdie deutschen und alt niederländischen meister
_cStaatliche Museen zu Berlin.
260 _aBerlín
_bPaul Cassirer
_c1929
300 _a263 p.
_bil. 500 láminas
_c24 cm.
500 _aEjemplar igual a S52a
500 _aS62
610 2 4 _aGemälde Galerie (Alemania)
_920674
650 1 4 _aArte alemán
_vArtistas
_920675
650 1 4 _aArte holandés
_vArtistas
_920676
650 1 4 _aObras de arte
_vCatálogos
_920677
650 1 4 _aGalerías y museos
_zAlemania
_95059
710 2 _aStaatlichen Museen zu Berlin
_920678
902 _aGFM
942 _2lcc
_cB
999 _c7946
_d7946